letters by picture - ad - Statistics

General Stats
  • This quiz has been taken 4 times
  • The average score is 9 of 21
Answer Stats
Picture Answer % Correct
Canada
100%
Canada
100%
Canada
100%
Canada
100%
Barbados
67%
Ecuador
67%
Nevada
67%
Adjara
33%
Adygea
33%
Avocado
33%
Colorado
33%
Madagascar
33%
Madagascar
33%
Saint Vincent and the Grenadines
33%
Toad
33%
Trinidad and Tobago
33%
Trinidad and Tobago
33%
Bangladesh
0%
Bangladesh
0%
Chad
0%
Radioactive
0%
No matching quizzes found
Score Distribution
Percent of People with Each Score
Percentile by Number Answered
Your Score History
You have not taken this quiz